01313nam a2200385 i 450000100060000000300080000600500170001400600190003100700150005000800410006502000270010603500230013303500240015603500250018003500220020504000310022705000210025808000110027908200120029010000210030224500610032326400450038430000410042933600310047033700330050133800430053450400290057758801290060661000330073565000300076865100280079865100120082665500270083885600620086527701FlNmELB20241216220012.0m o d | cr cnu||||||||170920s2017 ag ob 000 0 spa d a9781512940909 (e-book) a(MiAaPQ)EBC4870597 a(Au-PeEL)EBL4870597 a(CaPaEBR)ebr11392714 a(OCoLC)1105530016 aFINmELBbspaerdacFINmELB 4aF3444bG166 2017 a94(85)0 a9852231 aGallego, Marisa.13aLa rebelión andina de Tupác Amaru /cMarisa Gallego. 1aBuenos Aires :bEditorial Maipue,c2017. a1 recurso en línea (161 páginas) atextobtxt2rdacontent/spa acomputadorabc2rdamedia/spa arecurso en líneabcr2rdacarrier/spa aContiene bibliografía. aDescripción basada en recurso en línea; Título de la página del título en PDF (e-libro, visto September 20, 2017).20aTupac Amarud(-1571 :cInca) 4aHistoria latinoamericana. 0aPeruxHistoryyTo 1820. 4aPerú. 4aLibros electrónicos.40uhttps://elibro.net/ereader/politecnicointernacional/77343